00626 2200217 4500001002100000005001500021035002000036245009900056100003200155300002900187264003100216336002100247337003000268338001800298082000800316084001400324020002200338650002200360650001300382990001300395INLIS00000000000232120250805072842 a0010-08250000511 aHigh Class Response :bMenguak 3 Rahasia Menaikkan Kualitas Kehidupan Anda /cHarri Firmansyah0 aHarri FirmansyahePengarang a221 hal :bIlus ;c21 cm aJakarta :bGramedia,c2014 2rdacontentaTeks 2rdamediaaTanpa Perantara 2rdacarriera- a158 a158 HAR h a978-602-03-2306-0 4aPsikologi Terapan 4aMotivasi a25000510